00939nam a2200193 a 450000100100000000500170001000800410002704000250006808200160009310000420010924501240015126000510027530000300032604900090035695201290036595201140049495201200060899900170072800002911120200930055335.0110413s2004 dr c 000 0 spa d aDO-SdBNPbspacBNPHU axxxxbG216v1 aGarcía Fernández, Porfirio91748810aVigencia del pensamiento de Duarte en la sociedad dominicana de inicios del siglo XXI /cPorfirio García Fernández. aSanto Domingo :bEditora Universitaria,c2004. a27 p. :bretrs. ;c21 cm. aBNPD 001154708DSaGRbGRcMId2011-06-08iLF1l0oxxxx G216vp29111-30r2020-06-25te. 3w2020-06-25yLFDSZPréstamo en sala 0010718PDaPDbPDcCTd2011-04-13iLF1l0oxxxx G216vp29111-10r2020-06-25w2020-06-25yLFPDZNo se presta 0010718PDaPDbPDcCTd2011-04-27iLF1l0oxxxx G216vp29111-20r2020-06-25te. 2w2020-06-25yLFPDZNo se presta c28603d28603